| 000 -LEADER |
| fixed length control field |
00752nam a22002177a 4500 |
| 008 - FIXED-LENGTH DATA ELEMENTS--GENERAL INFORMATION |
| fixed length control field |
150921b xxu||||| |||| 00| 0 eng d |
| 020 ## - INTERNATIONAL STANDARD BOOK NUMBER |
| International Standard Book Number |
0324314574 |
| 041 0# - LANGUAGE CODE |
| Language code of text/sound track or separate title |
eng |
| 080 ## - UNIVERSAL DECIMAL CLASSIFICATION NUMBER |
| Universal Decimal Classification number |
658.4 |
| 100 1# - Rafti |
| Rafti |
Buller, Paul F. |
| 245 10 - TITLE STATEMENT |
| Title |
Managing organizations and people : |
| Statement of responsibility, etc |
Paul F. Buller, Randall S. Schuler. |
| 246 30 - VARYING FORM OF TITLE |
| Title proper/short title |
Cases in management, organizational behavior, and human resources |
| 250 ## - |
| -- |
7th ed., modular ed. |
| 260 ## - |
| -- |
Mason, Ohio : |
| -- |
Thomson/South-Western, |
| -- |
2006. |
| 300 ## - |
| -- |
1 v. (various pagings) : |
| -- |
me il.; |
| -- |
26 cm. |
| 650 0# - |
| -- |
Organizim |
| 650 0# - |
| -- |
Sjellja |
| 650 0# - |
| -- |
Organizatë |
| 700 1# - |
| -- |
Schuler, Randall S. |
| 942 ## - ADDED ENTRY ELEMENTS (KOHA) |
| Source of classification or shelving scheme |
|
| Item type |
Books |